Statistics for Disney Infinity Characters

Click here to take the quiz!

General Stats

  • This quiz has been taken 46 times
    (17 since last reset)
  • The average score is 72 of 105

Answer Stats

FranchiseAnswer% Correct
Pirates Of The CaribbeanJack Sparrow
100%
CarsLightning McQueen
100%
The IncrediblesMr. Incredible
100%
Toy StoryBuzz Lightyear
92%
Monsters UniversityMike
92%
Phineas And FerbPhineas
92%
TangledRapunzel
92%
The IncrediblesViolet
92%
Toy StoryWoody
92%
Wreck-It RalphWreck-It Ralph
92%
Phineas And FerbAgent P
85%
AladdinAladdin
85%
Alice In WonderlandAlice
85%
Inside OutAnger
85%
FrozenAnna
85%
The AvengersCaptain America
85%
Finding DoryDory
85%
FrozenElsa
85%
Star Wars: Rise Against The EmpireHan Solo
85%
The Nightmare Before ChristmasJack Skellington
85%
Toy StoryJessie
85%
Inside OutJoy
85%
MaleficentMaleficent
85%
CarsMater
85%
DisneyMickey Mouse
85%
The IncrediblesMrs. Incredible
85%
Finding DoryNemo
85%
FrozenOlaf
85%
Spider-ManSpider-Man
85%
Lilo And StitchStitch
85%
Big Hero 6Baymax
77%
The IncrediblesDash
77%
Pirates Of The CaribbeanDavy Jones
77%
Guardians Of The GalaxyDrax The Destroyer
77%
Inside OutFear
77%
Star Wars: The Force AwakensFinn
77%
Spider-ManGreen Goblin
77%
Pirates Of The CaribbeanHector Barbossa
77%
The AvengersHulk
77%
The AvengersIron Man
77%
AladdinJasmine
77%
ZootopiaJudy Hopps
77%
Star Wars: The Force AwakensKylo Ren
77%
Star Wars: Rise Against The EmpireLuke Skywalker
77%
Alice In WonderlandMad Hatter
77%
MulanMulan
77%
Monsters UniversityRandall
77%
Star Wars: The Force AwakensRey
77%
Inside OutSadness
77%
Monsters UniversitySulley
77%
The Lone RangerThe Lone Ranger
77%
The AvengersThor
77%
Spider-ManVenom
77%
Star Wars: Twilight Of The RepublicYoda
77%
Star Wars: Twilight Of The RepublicAnakin Skywalker
69%
The Jungle BookBaloo
69%
MarvelBlack Panther
69%
The AvengersBlack Widow
69%
Star Wars: Rise Against The EmpireChewbacca
69%
Star Wars: Rise Against The EmpireDarth Vader
69%
Inside OutDisgust
69%
DisneyDonald Duck
69%
Guardians Of The GalaxyGamora
69%
Guardians Of The GalaxyGroot
69%
Big Hero 6Hiro
69%
BraveMerida
69%
DisneyMinnie Mouse
69%
Star Wars: Twilight Of The RepublicObi-Wan Kenobi
69%
Star Wars: Rise Against The EmpirePrincess Leia
69%
Guardians Of The GalaxyRocket Raccoon
69%
Guardians Of The GalaxyStar-Lord
69%
The IncrediblesSyndrome
69%
Star Wars: Twilight Of The RepublicAhsoka Tano
62%
Star Wars: Rise Against The EmpireBoba Fett
62%
Star Wars: Twilight Of The RepublicDarth Maul
62%
The AvengersHawkeye
62%
The AvengersLoki
62%
Spider-ManNick Fury
62%
Star Wars: The Force AwakensPoe Dameron
62%
Peter PanTinker Bell
62%
The Lone RangerTonto
62%
Wreck-It RalphVanellope
62%
Guardians Of The GalaxyYondu
62%
MarvelHulkbuster
54%
ZootopiaNick Wilde
54%
The Good DinosaurSpot
54%
MarvelAnt-Man
46%
The AvengersFalcon
46%
Spider-ManIron Fist
46%
Spider-ManNova
46%
Guardians Of The GalaxyRonan The Accuser
46%
Star Wars RebelsEzra Bridger
38%
CarsFrancesco Bernoulli
38%
CarsHolley Shiftwell
38%
Star Wars RebelsSabine Wren
38%
Alice In WonderlandTime
38%
MarvelUltron
38%
MarvelVision
38%
Star Wars RebelsZeb Orrelios
38%
Star Wars RebelsKanan Jarrus
31%
MarvelCaptain America: The First Avenger
23%
Tron: LegacyQuorra
23%
Tron: LegacySam Flynn
23%
FantasiaSorcerer's Apprentice Mickey
23%
MarvelSymbiote Spider-Man
8%

Score Distribution

Percentile by Number Answered

Percent of People with Each Score

Your Score History

You have not taken this quiz since the last reset